000
00219 a2200097 4500
020
_a
299992000000
041
_a
eng
100
1
_a
Butler, John A.,
_d
1927-2017.
245
1
0
_a
Merchant marine /
_c
John A. Butler.
942
_c
BK
999
_c
28152
_d
28152